000 00476nam a22001817a 4500
003 CEME
005 20210628203238.0
008 210119b xxu||||| |||| 00| 0 eng d
020 _a0-19-282799-5
040 _cceme
082 _a320.958 HOP
100 _aHopkirk, Peter
_91507
245 _aThe great game , on secret service in high asia
260 _aLAHORE
_bPAF BOOK CLUB
_c1991
300 _aVII,562 P
650 _aTHE GREAT GAME IN ASIA
_964244
942 _cBK
_2ddc
999 _c572804
_d572804